000 01185nam a22002417a 4500
999 _c60067
_d60067
003 Ge_BSU
005 20230605171428.0
008 230602s2018ge xxu||||| |||| 00| 0 geo d
020 _a9788378932130
041 _ageo
080 _a791.43(479.22) ხ. 93
100 _aხუნდაძე,ხათუნა
_918438
245 _aნატვრის ხე
_bქართული მხატვრული ფილმი /
_cხათუნა ხუნდაძე, რედ. მზია ქურცაძე, სცენარი რევაზ ინანიშვილი, რეჟ.თენგიზ აბულაძე,
264 _bWojowice,
_c2018.
300 _a40 გვ:.
_bილ;
_c22 სმ.
653 _aკინოხელოვნება
653 _aკინოფილმები
700 _aქურცაძე, მზია
_eრედაქტორი
_918440
700 _aინანიშვილი, რევაზ
_eსცენარი
_918450
700 _aაბულაძე, თენგიზ
_eრეჟისორი
_918451
710 _aქართული ფილმი
_918452
942 _2udc
_cBK